Statistiche per Quiz su Monaco

Clicka qui per fare il quiz!

Statistiche generali

  • Questo quiz è stato fatto 1.903 volte
  • Il punteggio medio è 11 su 17

Statistiche sulle risposte

DomandaRisposta% Corretto
Unica nazione con cui confinaFrancia
100%
Lingua ufficialeFrancese
96%
Mare da cui è bagnatoMar Ligure / Mar Mediterraneo
96%
Nazione con bandiera simile:
Indonesia
81%
Monaco è la nazione più ____ al mondo, davanti a Liechtenstein e QatarRicca
77%
Monaco è considerato questo tipo di paradisoFiscale
73%
Monaco ha la più alta _____ di popolazione al mondoDensità
72%
Così è detta le regione di costa con cui confinaCosta Azzurra
70%
Nome del quartiere che ospita il famoso casinòMonte Carlo
63%
Il più importante evento sportivo che si tiene a Monaco dal 1929Gran Premio di Monaco
62%
Città italiana vicina che costruì, nel 1215, un forte sulla Rocca di Monaco (dando inizio alla storia moderna del paese)Genova
54%
Monaco ha la più alta ___________ __ ____ di qualsiasi altra nazione, circa 90 anniAspettativa di vita
48%
Attrice Americana che sposò il principe Ranieri nel 1956Grace Kelly
42%
Dialetto di origine ligure parlato a MonacoMonegasco
42%
Attuale sovranoAlberto II
40%
Nome della dinastia regnanteGrimaldi
29%
Semidio che secondo la leggenda costruì il porto di MonacoErcole
26%

Distribuzione punteggi

Percentile per numero di risposta

Percentuale di utenti per punteggio

I tuoi punteggi nel tempo

Non hai fatto questo quiz